Statistics for Least Muslim Countries by Population

Click here to take the quiz!

General Stats

  • This quiz has been taken 81 times
  • The average score is 19 of 37

Answer Stats

Country% Correct
Vatican City
81%
Nauru
72%
St. Lucia
69%
Andorra
67%
San Marino
67%
St. Kitts and Nevis
67%
Solomon Islands
64%
Samoa
63%
Bahamas
61%
Iceland
60%
Kiribati
60%
Palau
60%
Tuvalu
60%
Grenada
58%
Monaco
58%
Jamaica
57%
Federated States of Micronesia
55%
Vanuatu
55%
Antigua and Barbuda
54%
Belize
54%
Marshall Islands
54%
Tonga
52%
Malta
51%
Dominica
49%
Uruguay
46%
East Timor
43%
Paraguay
43%
Peru
43%
Costa Rica
39%
Lesotho
39%
Sao Tome and Principe
39%
Nicaragua
37%
Armenia
36%
Ecuador
36%
Guatemala
36%
Seychelles
36%
Laos
25%

Score Distribution

Percentile by Number Answered

Percent of People with Each Score

Your Score History

You have not taken this quiz